000 00727nam a2200241 u 4500
005 20230524064019.0
008 190905s2005 ck r 000 0 spa d
020 _a9806915844
040 _aMX-MxUPN
_bspa
_cMX-MxUPN
041 0 _aspa
050 _aQA135.6
_bM67 2005
100 1 _aMorales, María Luisa
_944689
245 1 3 _aLa tiendita del maíz
260 _a[Colombia] :
_bEl Nacional,
_c2005.
300 _a31 páginas
490 _aColección Brújula de papel. Matemática ;
_v28
650 4 _aMatemáticas
_xEstudio y enseñanza (Elemental)
_92809
700 1 _aBracci, Daniel A.
_eilustraciones
_948568
902 _bNoemiAcosta/240323
905 _aFolleto
942 _n0
_2lcc
_cFOLL
999 _c204744
_d204744